Movies Quiz

Random Movies or Box Office Quiz

Top of the Box Office (2018) Quiz Stats

 Plays Quiz Updated Sep 23, 2019

Score 0/20 Timer 05:00
12 Plays Today
Gross Movie % Correct
$2,048.4mAvengers: Infinity War
87.1%
$1,346.9mBlack Panther
86.9%
$1,067.0mAquaman
85.2%
$737.8mDeadpool 2
80.3%
$798.5mBohemian Rhapsody
80.2%
$622.7mAnt-Man and the Wasp
76.7%
$791.1mMission: Impossible - Fallout
66%
$855.8mVenom
63.7%
$1,242.8mIncredibles 2
59.6%
$1,309.5mJurassic World: Fallen Kingdom
59.4%
Gross Movie % Correct
$650.3mFantastic Beasts: The Crimes of Grindelwald
52.5%
$582.9mReady Player One
39.4%
$456.2mRalph Breaks the Internet
34.9%
$527.3mHotel Transylvania 3: Summer Vacation
32.6%
$413.5mBumblebee
27.4%
$428.0mRampage
27%
$530.2mThe Meg
24.3%
$508.0mThe Grinch
21.2%
$579.2mOperation Red Sea / Hong hai xing dong
4.2%
$544.1mDetective Chinatown 2 / Tangrenjie tanan 2
3.5%

You're not logged in!

Compare scores with friends on all Sporcle quizzes.
OR
Log In

Sporcle TV

Today on Sporcle TV


Watch our educational content, quiz creation guides, and fun videos on Sporcle TV.

Show Comments

Extras

Top Quizzes Today


Score Distribution

Your Account Isn't Verified!

In order to create a playlist on Sporcle, you need to verify the email address you used during registration. Go to your Sporcle Settings to finish the process.

Report this User

Report this user for behavior that violates our Community Guidelines.

Details: